00747nam a2200169 a 4500001001000000003000900010005001700019008004100036040002500077110007600102245014700178260009600325300002000421942001400441952010500455999001700560000044290DO-SdBNP20230802131959.0140612s2005 dr 000 0 spa d aDO-SdBNPbspacBNPHU1 aRepública DominicanabProcuraduría General de la República93224110aLineamientos de la política criminal dentro de los parámetros del plan nacional de seguridad democrática para la República Dominicana. aSanto Domingo :bComisionado de apoyo a la reforma y modernización de la justicia,c2005. a60 p. ;c23 cm. 2ddccLBS1 0010718PDaPDbPDcCTd2014-06-12iLF1l0o p44290-10r2020-06-25w2020-06-25yLFPDZNo se presta c43779d43779